| 000 | 01410nam a22002057a 4500 | ||
|---|---|---|---|
| 999 |
_c59481 _d59481 |
||
| 003 | Ge_BSU | ||
| 005 | 20230228102813.0 | ||
| 008 | 230228s2007 ge ||||| |||| 00| 0 geo d | ||
| 041 | _ageo | ||
| 080 | _a340.1(479.22) მ-30 | ||
| 245 |
_aმართლმსაჯულება საქართველოში = Administration of justice in Georgia, 2006-2007 / _cარასამთავრობო ორგანიზაცია "ყოფილი პოლიტპატიმრები ადამიანის უფლებებისათვის" ; შემდგ.: ნანა კაკაბაძე, გელა ნიკოლაიშვილი ; ყდის დიზაინერი ილია ნახუცრიშვილი. |
||
| 264 |
_aთბილისი, _c2007. |
||
| 300 |
_a112 გვ. ; _b20 სმ. |
||
| 500 | _aყდა, თავფურ., ტექსტი ქართ. და ინგლ. ენ. | ||
| 653 | _aმართლმსაჯულება საქართველოში | ||
| 700 |
_aკაკაბაძე, ნანა _eშემდგენელი _917065 |
||
| 700 |
_aნიკოლაიშვილი, გელა _eშემდგენელი _917066 |
||
| 700 |
_aნახუცრიშვილი, ილია _e ყდის დიზაინერი _917067 |
||
| 942 |
_2udc _cBK |
||